000
00281nam a2200121 a 4500
008
100921s1987|||| d
100
1
_a
de Saint-Exupéry, Antoine
245
1
0
_a
Zem ľudí
260
_b
Tatran
_a
Bratislava
_c
1987
020
_c
33
044
_a
xo
_c
SK
041
_a
slo
999
_c
10538
_d
10538